=LDR 00000nam 2200000 4500 =001 INLIS000000000031237 =005 20130612133324 =008 ***********************************Ind** =035 ##$$0010-061300000031237 =041 ##$$a Ind =082 ##$$a 610.73 =090 ##$$a 610.73, Han d =100 ##$$a Handayaningsih, Isti =245 ##$$a Dokumentasi keperawatan "DAR", Isti Handayaningsih; editor Handoko Riwidikdo =260 ##$$a 2009 $b Yogyakarta =300 ##$$a ix, 163 hlm, 21 cm =650 ##$$a Perawatan sebagai profesi =700 ##$$a Riwidikdo, Handoko =850 ##$$a NBPNMAT =990 ##$$a 0001/BPAP-NTB/20142015 =990 ##$$a 0001/BPAP-NTB/2015 =990 ##$$a 0001/BPAP-NTB/2015